000 00784nam a2200229Ii 4500
003 JO-AjNU
008 230605s9999||||xx |||||||||||||| ||und||
017 _a2013/6/2212
020 _a978-9957-16-840-7
040 _aJO-AjNU
_bara
_erda
_cJO-AjNU
041 _aara
050 1 4 _aJX178.2014
100 3 _a الطائي، عادل أحمد ,
_eauthor
_950779
245 0 0 _aتفسير المعاهدات الدولية :دراسة في قانون المعاهدات الدولية
250 _aط1
264 3 1 _aعمان : دار الثقافة ، 2014
300 _a400ص
336 _atext
_btxt
_2rdacontent
337 _aunmediated
_bn
_2rdamedia
338 _avolume
_bnc
_2rdacarrier
650 4 _aالمعاهدات الدولية -- القانون الدولي
_950780
999 _aA22389
_c25957
_d25957